La pintura y la palabra (Record no. 56)

MARC details
000 -CABECERA
campo de control de longitud fija 01351nam a2200313 a 4500
001 - NÚMERO DE CONTROL
campo de control BRCA_56
005 - FECHA Y HORA DE LA ÚLTIMA TRANSACCIÓN
campo de control 20190320202851.0
008 - DATOS DE LONGITUD FIJA--INFORMACIÓN GENERAL
campo de control de longitud fija 020524s2005----mx-a#####b---s100-0#spa-#
020 ## - NÚMERO INTERNACIONAL ESTÁNDAR DEL LIBRO
Número Internacional Estándar del Libro 9688595551
040 ## - FUENTE DE LA CATALOGACIÓN
Centro catalogador/agencia de origen DLC
Centro/agencia transcriptor DLC
041 ## - CÓDIGO DE LENGUA
Código de lengua del texto/banda sonora o título independiente spa
044 ## - CÓDIGO DEL PAÍS DE LA ENTIDAD EDITORA/PRODUCTORA
Código MARC del país mx
050 #4 - SIGNATURA TOPOGRÁFICA DE LA BIBLIOTECA DEL CONGRESO
Número de clasificación N6559.C3
Número de documento/Ítem .H36 2005
100 1# - ENTRADA PRINCIPAL--NOMBRE DE PERSONA
Nombre de persona Hanhausen Cole, Margarita
9 (RLIN) 262
245 10 - MENCIÓN DE TÍTULO
Título La pintura y la palabra
Resto del título dos artistas jesuitas mexicanos : Gonzalo Carrasco, 1859-1936, Miguel Aguayo, 1934-
Mención de responsabilidad, etc. Margarita Hanhausen Cole, Patricia Pérez Walters, Leonor Morales García, autoras ; Lourdes Cortina Lelo de Larrea, Pablo Gómez Gallardo Latapí, dirección y diseño editorial ; Pablo Gómez Gallardo Latapí, Francisco Macías Velasco, fotografía.
260 ## - PUBLICACIÓN, DISTRIBUCIÓN, ETC.
Lugar de publicación, distribución, etc. Ciudad de México
Nombre del editor, distribuidor, etc. Universidad Iberoamericana
Fecha de publicación, distribución, etc. 2005
300 ## - DESCRIPCIÓN FÍSICA
Extensión 121 p.
Otras características físicas il.
Dimensiones 33 cm.
500 ## - NOTA GENERAL
Nota general Incluye índice de imágenes
504 ## - NOTA DE BIBLIOGRAFÍA, ETC.
Nota de bibliografía, etc. Incluye referencias bibliográficas
600 14 - PUNTO DE ACCESO ADICIONAL DE MATERIA--NOMBRE DE PERSONA
Nombre de persona Carrasco, Gonzalo
Fechas asociadas al nombre 1859-1936
Subdivisión general Crítica e interpretación
9 (RLIN) 263
600 14 - PUNTO DE ACCESO ADICIONAL DE MATERIA--NOMBRE DE PERSONA
Nombre de persona Aguayo, Miguel
Fechas asociadas al nombre 1934-
Subdivisión general Crítica e interpretación
9 (RLIN) 264
650 14 - PUNTO DE ACCESO ADICIONAL DE MATERIA--TÉRMINO DE MATERIA
Término de materia o nombre geográfico como elemento de entrada Pintores mexicanos
Subdivisión cronológica Siglo XX
9 (RLIN) 265
650 14 - PUNTO DE ACCESO ADICIONAL DE MATERIA--TÉRMINO DE MATERIA
Término de materia o nombre geográfico como elemento de entrada Artistas jesuitas
Subdivisión geográfica México
9 (RLIN) 266
700 1# - PUNTO DE ACCESO ADICIONAL--NOMBRE DE PERSONA
Nombre de persona Pérez Walters, Patricia
9 (RLIN) 267
700 1# - PUNTO DE ACCESO ADICIONAL--NOMBRE DE PERSONA
Nombre de persona Morales García, Leonor
9 (RLIN) 268
700 1# - PUNTO DE ACCESO ADICIONAL--NOMBRE DE PERSONA
Nombre de persona Carrasco, Gonzalo
Fechas asociadas al nombre 1859-1936
9 (RLIN) 269
700 1# - PUNTO DE ACCESO ADICIONAL--NOMBRE DE PERSONA
Nombre de persona Aguayo, Miguel
9 (RLIN) 270
942 ## - ELEMENTOS DE PUNTO DE ACCESO ADICIONAL (KOHA)
Fuente del sistema de clasificación o colocación Library of Congress Classification
Tipo de ítem Koha Libros
Holdings
Estado de retiro Estado de pérdida Estado dañado No para préstamo Localización permanente Ubicación/localización actual Fecha de adquisición Total de préstamos Signatura topográfica completa Código de barras Fecha visto por última vez Precio válido a partir de Tipo de ítem Koha
El ejemplar forma parte de la colección y puede ser consultado según las políticas vigentes.       Biblioteca del Museo Franz Mayer (Rogerio Casas-Alatriste) Biblioteca del Museo Franz Mayer (Rogerio Casas-Alatriste) 25/06/2008   N6559.C3 .H36 2005 00052 22/03/2019 22/03/2019 Libros